Acceletated learning programs / (Record no. 11268)
[ view plain ]
| 000 -LEADER | |
|---|---|
| fixed length control field | 00423cam a2200169ua 4500 |
| 041 ## - LANGUAGE CODE | |
| Language code of text/sound track or separate title | eng |
| 082 ## - DEWEY DECIMAL CLASSIFICATION NUMBER | |
| Classification number | 370.1523 |
| Item number | DEH/AC |
| 100 ## - MAIN ENTRY--AUTHOR NAME | |
| Personal name | Robert, F . |
| 245 ## - TITLE STATEMENT | |
| Title | Acceletated learning programs / |
| 260 ## - PUBLICATION, DISTRIBUTION, ETC. (IMPRINT) | |
| Place of publication | : |
| Name of publisher | Prentice Hall of India Pvt Ltd. , |
| Year of publication | 1965. |
| 300 ## - PHYSICAL DESCRIPTION | |
| Number of Pages | 120 ; . |
No items available.
